000 00818nam a2200205 a 4500
003 0
005 20250325092353.0
008 060728s19uu xx 00 eng d
050 _aPGS PN 4830.T44.R43
_b.Al346 2006
100 _aAlcaide, Alisara C.
245 _aThe positive and negative effects of reading teen magazines to female upper school students /
_cAlisara C. Alcaide.
260 _aLas PiƱas City, Philippines :
_bSouthville International School and Colleges,
_c2006.
300 _a23 pages :
_billustrations ;
_c28 cm.
504 _aIncludes bibliographical references.
650 _aTeen magazines
_vInfluence.
650 _aTeen magazines
_vPsychological aspects.
650 _aReading interests
_vTeenagers
_zPhilippines.
650 _aMass media and teenagers
_zPhilippines.
942 _2lcc
_cPASS
999 _c97448
_d97448